Capitales commençant par R - Statistiques

Statistiques générales
  • Ce quiz a été pris 415 fois
  • Le résultat moyen est 4 sur 6
Statistiques - réponses
Capitales % Correct
Riga
78%
Rome
78%
Rabat
72%
Reykjavik
71%
Riyad
63%
Roseau
39%
Aucun quiz correspondant
Distribution des résultats
% des personnes avec chaque résultat
Percentile par nombre de réponses
Votre historique - résultats
Vous n’avez pas pris ce quiz